书目信息 |
| 题名: |
家居忠告
|
|
| 作者: | 陶茂萱 , 徐东群 编著 | |
| 分册: | ||
| 出版信息: | 广州 广东人民出版社 2005.1 |
|
| 页数: | 125页 | |
| 开本: | 21cm | |
| 丛书名: | ||
| 单 册: | ||
| 中图分类: | X510.31 | |
| 科图分类: | ||
| 主题词: | 住宅--zhu zhai--室内装饰--空气污染--影响--健康 , 住宅--zhu zhai , 室内装饰--shi nei zhuang shi , 空气污染--kong qi wu ran , 健康--jian kang | |
| 电子资源: | ||
| ISBN: | 7-218-04771-8 | |
| 000 | 01228nam0 2200349 450 | |
| 000 | 01311nam0 2200361 450 | |
| 000 | 01274nam0 2200349 450 | |
| 000 | 01257nam0 2200349 450 | |
| 000 | 01220nam0 2200337 45 | |
| 001 | 012005000000 | |
| 005 | 20050908154724.04 | |
| 010 | @a7-218-04771-8@dCNY19.80 | |
| 100 | @a20050426d2005 em y0chiy0121 ea | |
| 101 | 0 | @achi |
| 102 | @aCN@b440000 | |
| 105 | @af z 000yy | |
| 200 | 1 | @a家居忠告@Ajia ju zhong gao@f陶茂萱,徐东群编著 |
| 210 | @a广州@c广东人民出版社@d2005.1 | |
| 215 | @a125页@c彩图@d21cm | |
| 314 | @a陶茂萱,医学博士,合著《家居忠告》。 | |
| 314 | @a徐东群,医学博士,合著《家居忠告》。 | |
| 330 | @a本书全面介绍了居家要注意的各种健康问题,包括家居环境的选择、居室的布局、装饰,居家的室内环境改善,如何防范装修的各种“杀手”,消灭室内有害微生物,防范病菌的侵入等内容。 | |
| 606 | 0 | @a住宅@Azhu zhai@x室内装饰@x空气污染@x影响@x健康 |
| 606 | 0 | @a住宅@Azhu zhai |
| 606 | 0 | @a室内装饰@Ashi nei zhuang shi |
| 606 | 0 | @a空气污染@Akong qi wu ran |
| 606 | 0 | @a健康@Ajian kang |
| 690 | @aX510.31@v4 | |
| 701 | 0 | @a陶茂萱@Atao mao xuan@4编著 |
| 701 | 0 | @a徐东群@Axu dong qun@4编著 |
| 801 | 0 | @aCN@bSRXX@c20050908 |
| 905 | @a10447@dX510.31@eT320 | |
| 家居忠告/陶茂萱,徐东群编著.-广州:广东人民出版社,2005.1 |
| 125页:彩图;21cm |
| ISBN 7-218-04771-8:CNY19.80 |
| 本书全面介绍了居家要注意的各种健康问题,包括家居环境的选择、居室的布局、装饰,居家的室内环境改善,如何防范装修的各种“杀手”,消灭室内有害微生物,防范病菌的侵入等内容。 |
| ● |
| 相关链接 |
|
|
|
正题名:家居忠告
索取号:X510.31/T320
 
预约/预借
| 序号 | 登录号 | 条形码 | 馆藏地/架位号 | 状态 | 备注 |
| 1 | 541593 | 205415932 | 自科库501/501自科库 68排7列5层/ [索取号:X510.31/T320] | 在馆 | |
| 2 | 541594 | 205415941 | 自科库501/501自科库 68排7列5层/ [索取号:X510.31/T320] | 在馆 | |
| 3 | 541595 | 205415950 | 自科库501/501自科库 68排7列5层/ [索取号:X510.31/T320] | 在馆 |